Prima Lettera delle Città Statunitensi II - Statistics

Statistiche generali
  • Questo quiz è stato fatto 92 volte
  • Il punteggio medio è 18 su 21
Statistiche sulle risposte
Hint Risposta % Corretto
_ancouver V
99%
_as Vegas L
97%
_ersey City J
96%
_hoenix P
96%
_an Diego S
96%
_olumbus C
95%
_enver D
95%
_onolulu H
93%
_altimora B
92%
_ashville N
90%
_iverside R
90%
_ilbert G
86%
_ilwaukee M
84%
_lbuquerque A
82%
_rvine I
79%
_maha O
77%
_noxville K
74%
_ulsa T
71%
_ort Worth F
68%
_ichita W
66%
_lk Grove E
60%
Nessun quiz corrispondente trovato
Distribuzione punteggi
Percentuale di utenti per punteggio
Percentile per numero di risposta
I tuoi punteggi nel tempo
Non hai fatto questo quiz